000 00414nam a2200157 a 4500
005 20210223120422.0
008 991125s1978 mx 000 0 spa u
035 _aUPN01000000694
049 _aSEP
050 4 _aL227 D71
_bM6 1978k
245 0 0 _aActopan :
_bofficial guide.
260 _aMéxico :
_bINAH :
_bSEP,
_c1978.
300 _a38 p. :
_bil.
651 4 _aACTOPAN, HIDALGO -
_xANTIGUEDADES
_9151
905 _aLibro
999 _c694
_d694